[Event "Nancy Meurthe blitz 17th"]
[Site "Nancy"]
[Date "2019.02.23"]
[Round "1"]
[White "Sidibe, Malika"]
[Black "Dragicevic, Drazen"]
[Result "0-1"]
[WhiteElo "1803"]
[BlackElo "2339"]
[PlyCount "44"]
[EventDate "2019.02.24"]
[EventType "swiss (blitz)"]
[EventRounds "11"]
[EventCountry "FRA"]
[SourceTitle "CBM 189 Extra"]
[Source "ChessBase"]
[SourceDate "2019.06.03"]
[SourceVersion "1"]
[SourceVersionDate "2019.06.03"]
[SourceQuality "1"]

1. e4 c5 2. Nf3 d6 3. d4 cxd4 4. Nxd4 Nf6 5. Nc3 Bd7 6. Be2 e5 7. Nb3 Bc6 8. Bg5 Be7 9. Bxf6 Bxf6 10. Nd5 0-0 11. 0-0 Bg5 12. c4 Nd7 13. Qc2 a5 14. Rad1 a4 15. Nd2 Nc5 16. Nf3 Be7 17. Qd2 Nxe4 18. Qb4 Nf6 19. Qc3 Nxd5 20. cxd5 Bd7 21. Bd3 f5 22. Qb4 e4 0-1

[Event "FRA-chT Top 12"]
[Site "Drancy"]
[Date "2016.06.05"]
[Round "9.8"]
[White "Skripchenko, Almira"]
[Black "Sidibe, Malika"]
[Result "1/2-1/2"]
[WhiteElo "2453"]
[BlackElo "1760"]
[PlyCount "107"]
[EventDate "2016.05.28"]
[EventType "team-tourn"]
[EventRounds "11"]
[EventCountry "FRA"]
[SourceTitle "CBM 172 Extra"]
[Source "ChessBase"]
[SourceDate "2016.06.21"]
[SourceVersion "1"]
[SourceVersionDate "2016.06.21"]
[SourceQuality "1"]
[WhiteTeam "Clichy Echecs 92"]
[BlackTeam "Vandoeuvre"]
[WhiteTeamCountry "FRA"]
[BlackTeamCountry "FRA"]

1. e4 c5 2. Nf3 Nc6 3. Bb5 d6 4. 0-0 Bd7 5. c3 Nf6 6. Re1 e5 7. h3 Be7 8. d4 0-0 9. Bf1 Qc7 10. dxc5 dxc5 11. Bg5 Rad8 12. Nbd2 a6 13. Nh2 Be6 14. Qf3 Ne8 15. Bxe7 Qxe7 16. Qe3 Nf6 17. Nhf3 b5 18. a4 Rb8 19. axb5 axb5 20. Ra6 Bd7 21. Nb3 c4 22. Nc5 Ra8 23. Rea1 Rxa6 24. Rxa6 Rc8 25. Rb6 Nd4 26. Nxd7 Nxf3+ 27. Qxf3 Qxd7 28. Qe3 h6 29. Be2 Qe8 30. f3 Nh5 31. Rd6 Nf4 32. Bf1 Rc6 33. Rd2 Qe7 34. Kh2 f6 35. g3 Ne6 36. h4 Rd6 37. Bh3 Rxd2+ 38. Qxd2 Nc7 39. Bf5 g5 40. h5 Kg7 41. Kh3 Qf7 42. Kg4 Qe7 43. Qd1 Ne6 44. Qd5 Nc5 45. Kh3 Qc7 46. Kg2 Kf8 47. Bg6 Nd3 48. Qxb5 Qa7 49. Qe8+ Kg7 50. Qc8 Qf2+ 51. Kh3 Qf1+ 52. Kh2 Qf2+ 53. Kh3 Qf1+ 54. Kh2 1/2-1/2

[Event "FRA-chT Top 12"]
[Site "Drancy"]
[Date "2016.06.04"]
[Round "8.8"]
[White "Sidibe, Malika"]
[Black "Leconte, Maria"]
[Result "0-1"]
[WhiteElo "1760"]
[BlackElo "2217"]
[PlyCount "112"]
[EventDate "2016.05.28"]
[EventType "team-tourn"]
[EventRounds "11"]
[EventCountry "FRA"]
[SourceTitle "CBM 172 Extra"]
[Source "ChessBase"]
[SourceDate "2016.06.21"]
[SourceVersion "1"]
[SourceVersionDate "2016.06.21"]
[SourceQuality "1"]
[WhiteTeam "Vandoeuvre"]
[BlackTeam "Saint Quentin"]
[WhiteTeamCountry "FRA"]
[BlackTeamCountry "FRA"]

1. e4 c5 2. Nf3 Nc6 3. d4 cxd4 4. Nxd4 g6 5. Nc3 Bg7 6. Be3 Nf6 7. Bc4 0-0 8. f3 Qb6 9. Bb3 Nxe4 10. Nd5 Qa5+ 11. c3 Nf6 12. Nxc6 dxc6 13. Nxe7+ Kh8 14. Nxc8 Raxc8 15. 0-0 c5 16. Qe2 Qc7 17. Rad1 b5 18. Qxb5 Rfe8 19. Rfe1 c4 20. Bc2 Re5 21. Qa6 Rce8 22. Kf2 Nd5 23. Qxa7 Qd8 24. Bd4 Qh4+ 25. g3 Qxh2+ 26. Kf1 Qh1+ 27. Bg1 Qxf3+ 28. Qf2 Rxe1+ 29. Rxe1 Ne3+ 30. Rxe3 Rxe3 31. Qxf3 Rxf3+ 32. Kg2 Rf6 33. Be4 Rd6 34. Be3 f5 35. Bf3 Be5 36. Be2 Rc6 37. Bf3 Ra6 38. a3 Ra5 39. Bc6 Kg7 40. Kf2 h6 41. Bd7 Kf6 42. Kf3 g5 43. Bc6 h5 44. Bb6 Ra6 45. Bd8+ Kg6 46. Be8+ Kh6 47. Be7 g4+ 48. Kf2 Bd6 49. Bb5 Rb6 50. Bxd6 Rxd6 51. Bxc4 Rd2+ 52. Ke3 Rxb2 53. Be6 Kg5 54. a4 Rb1 55. Bc4 Ra1 56. Bb3 Ra3 0-1

[Event "FRA-chT Top 12 (Women) GpA"]
[Site "Mulhouse"]
[Date "2016.05.08"]
[Round "5.4"]
[White "Haussernot, Cecile"]
[Black "Sidibe, Malika"]
[Result "1-0"]
[WhiteElo "2087"]
[BlackElo "1760"]
[PlyCount "121"]
[EventDate "2016.05.05"]
[EventType "team-tourn"]
[EventRounds "5"]
[EventCountry "FRA"]
[SourceTitle "CBM 172 Extra"]
[Source "ChessBase"]
[SourceDate "2016.06.21"]
[SourceVersion "1"]
[SourceVersionDate "2016.06.21"]
[SourceQuality "1"]
[WhiteTeam "Montpellier (W)"]
[BlackTeam "Vandoeuvre (W)"]
[WhiteTeamCountry "FRA"]
[BlackTeamCountry "FRA"]

1. e4 c5 2. Nc3 Nc6 3. g3 e6 4. Bg2 Nf6 5. d3 d5 6. exd5 Nxd5 7. Nge2 Be7 8. 0-0 0-0 9. Nxd5 exd5 10. Nf4 Be6 11. Re1 Qd7 12. Nxe6 fxe6 13. f4 Bf6 14. g4 Rae8 15. g5 Bd8 16. Bh3 Bc7 17. Rf1 Ne7 18. Qg4 Ng6 19. Bd2 Qd6 20. Rae1 e5 21. f5 e4 22. Re2 Ne5 23. Bf4 Nxg4 24. Bxd6 Bxd6 25. Bxg4 exd3 26. cxd3 Rxe2 27. Bxe2 d4 28. Bh5 g6 29. Bg4 gxf5 30. Rxf5 Rxf5 31. Bxf5 Kg7 32. Kg2 Be7 33. h4 h6 34. gxh6+ Kxh6 35. Kg3 Kh5 36. Bg4+ Kg6 37. Bf3 b6 38. Kg4 Bf8 39. Kf4 Kf6 40. Ke4 Ke6 41. Bg4+ Kd6 42. Kf5 Ke7 43. Kg6 Ke8 44. h5 Bd6 45. Kf6 Bf4 46. Be6 Kf8 47. Kf5 Be3 48. Bc4 Kg7 49. Ke5 Kh6 50. Bf7 Bc1 51. b3 Bd2 52. Kd6 Ba5 53. Kc6 Bb4 54. Kb7 Ba5 55. Kxa7 Kg5 56. Ka6 Kf6 57. Be8 Kg7 58. Kb5 Kh7 59. a3 Bc3 60. Kxb6 Bb2 61. a4 1-0

[Event "FRA-chT Top 12 (Women) GpA"]
[Site "Mulhouse"]
[Date "2016.05.06"]
[Round "2.4"]
[White "Sidibe, Malika"]
[Black "Gras, Delphine"]
[Result "1-0"]
[WhiteElo "1760"]
[BlackElo "1942"]
[PlyCount "131"]
[EventDate "2016.05.05"]
[EventType "team-tourn"]
[EventRounds "5"]
[EventCountry "FRA"]
[SourceTitle "CBM 172 Extra"]
[Source "ChessBase"]
[SourceDate "2016.06.21"]
[SourceVersion "1"]
[SourceVersionDate "2016.06.21"]
[SourceQuality "1"]
[WhiteTeam "Vandoeuvre (W)"]
[BlackTeam "Cannes (W)"]
[WhiteTeamCountry "FRA"]
[BlackTeamCountry "FRA"]

1. e4 c6 2. d4 d5 3. exd5 cxd5 4. Bd3 Nc6 5. c3 Qc7 6. Ne2 Bg4 7. f3 Bd7 8. Bf4 e5 9. dxe5 Nxe5 10. 0-0 Bd6 11. Nd4 Ne7 12. Kh1 Qb6 13. Qe2 Nxd3 14. Bxd6 Qxd6 15. Qxd3 0-0 16. Na3 a6 17. Rfe1 Ng6 18. Nac2 Ne5 19. Qf1 Rfe8 20. Rad1 Qb6 21. Nb4 Rac8 22. Nb3 Bc6 23. Nxd5 Qa7 24. Nb4 Bb5 25. Qg1 Qxg1+ 26. Kxg1 Nc4 27. Nd3 Ne3 28. Rd2 Rcd8 29. Nd4 Nc4 30. Rdd1 Ne3 31. Rd2 Nc4 32. Rde2 Rxe2 33. Rxe2 Nxb2 34. Rxb2 Bxd3 35. Rxb7 g6 36. Nc6 Re8 37. Rb8 Rxb8 38. Nxb8 Bb5 39. a4 Bxa4 40. Nxa6 Bb5 41. Nb4 Kf8 42. Kf2 Ke7 43. Ke3 Kd6 44. Kd4 Bf1 45. g3 Bg2 46. f4 h5 47. c4 f6 48. c5+ Ke6 49. Nc2 Bh1 50. Ne3 Ba8 51. Kc4 g5 52. Kb5 Be4 53. Kb6 h4 54. c6 hxg3 55. hxg3 gxf4 56. c7 fxe3 57. c8Q+ Ke5 58. Qc3+ Kf5 59. Qxe3 Bd5 60. Kc5 Bf7 61. Kd6 Kg6 62. Qf4 f5 63. Ke5 Be8 64. Qxf5+ Kh6 65. Kf6 Bf7 66. Qg5+ 1-0

[Event "FRA-chT Top 12 (Women)"]
[Site "Mulhouse"]
[Date "2014.05.11"]
[Round "5.2"]
[White "Boyard, Marie"]
[Black "Sidibe, Malika"]
[Result "1-0"]
[WhiteElo "1984"]
[BlackElo "1836"]
[PlyCount "105"]
[EventDate "2014.05.09"]
[EventType "team-tourn"]
[EventRounds "5"]
[EventCountry "FRA"]
[SourceTitle "CBM 160 Extra"]
[Source "ChessBase"]
[SourceDate "2014.07.01"]
[SourceVersion "1"]
[SourceVersionDate "2014.07.01"]
[SourceQuality "1"]
[WhiteTeam "Strasbourg (W)"]
[BlackTeam "Vandoeuvre (W)"]
[WhiteTeamCountry "FRA"]
[BlackTeamCountry "FRA"]

1. d4 Nf6 2. Nc3 d5 3. Bg5 Bf5 4. f3 Nbd7 5. g4 Bg6 6. Nh3 h6 7. Bh4 e6 8. Nf4 Bh7 9. Nd3 Be7 10. Bg3 a6 11. e3 c5 12. a4 Rc8 13. Kf2 cxd4 14. exd4 Nb6 15. Ne5 Bb4 16. Qd2 Nfd7 17. Bd3 0-0 18. Bxh7+ Kxh7 19. Qd3+ Kg8 20. Ne2 Nxe5 21. dxe5 Nc4 22. Rab1 Qb6+ 23. Nd4 Bc5 24. c3 Qb3 25. Kg2 Qb6 26. b3 Bxd4 27. bxc4 dxc4 28. Qxd4 Qxd4 29. cxd4 Rfd8 30. Bf2 Rd5 31. Rhc1 b5 32. axb5 Rxb5 33. Rxb5 axb5 34. Be1 Kf8 35. Bb4+ Ke8 36. Kf2 Ra8 37. Rc2 Kd7 38. Ke3 Kc6 39. Ke4 Rd8 40. Ra2 Kb7 41. f4 f5+ 42. gxf5 exf5+ 43. Kxf5 Rxd4 44. Rd2 g6+ 45. Kxg6 Rxf4 46. e6 Re4 47. e7 Kc7 48. Kf7 Rf4+ 49. Ke8 Re4 50. Rd7+ Kc8 51. Rd8+ Kc7 52. Kf7 Rf4+ 53. Kg6 1-0

[Event "FRA-chT Top 12 (Women)"]
[Site "Mulhouse"]
[Date "2014.05.10"]
[Round "2.2"]
[White "Sidibe, Malika"]
[Black "Vega Gutierrez, Sabrina Neide"]
[Result "0-1"]
[WhiteElo "1836"]
[BlackElo "2410"]
[PlyCount "72"]
[EventDate "2014.05.09"]
[EventType "team-tourn"]
[EventRounds "5"]
[EventCountry "FRA"]
[SourceTitle "CBM 160 Extra"]
[Source "ChessBase"]
[SourceDate "2014.07.01"]
[SourceVersion "1"]
[SourceVersionDate "2014.07.01"]
[SourceQuality "1"]
[WhiteTeam "Vandoeuvre (W)"]
[BlackTeam "Evry Grand Roque (W)"]
[WhiteTeamCountry "FRA"]
[BlackTeamCountry "FRA"]

1. Nf3 Nf6 2. c4 g6 3. b3 Bg7 4. Bb2 d6 5. d4 0-0 6. Nc3 c5 7. e3 cxd4 8. Nxd4 d5 9. Be2 e5 10. Nf3 e4 11. Nd4 dxc4 12. Bxc4 a6 13. 0-0 b5 14. Be2 Bb7 15. Rc1 Nbd7 16. Qc2 Rc8 17. Qb1 Qe7 18. Rfd1 Ne5 19. a3 Rfe8 20. Na2 Nfd7 21. Rxc8 Rxc8 22. Nc1 Qg5 23. Kf1 Nc5 24. g3 Nf3 25. h4 Qg4 26. Nxf3 exf3 27. Bd3 Qh3+ 28. Ke1 Qh1+ 29. Bf1 Be4 30. Qa1 Bxb2 31. Qxb2 Bf5 32. b4 Bh3 33. bxc5 Qxf1+ 34. Kd2 Qxf2+ 35. Kc3 Rxc5+ 36. Kb3 Be6+ 0-1

[Event "St Chely d'Aubrac op 7th"]
[Site "St Chely d'Aubrac"]
[Date "2007.07.18"]
[Round "6"]
[White "Gazel, Bruno"]
[Black "Sidibe, Malika"]
[Result "1/2-1/2"]
[WhiteElo "1630"]
[BlackElo "1868"]
[PlyCount "73"]
[EventDate "2007.07.07"]
[EventType "swiss"]
[EventRounds "9"]
[EventCountry "FIN"]
[SourceTitle "EXT 2008"]
[Source "ChessBase"]
[SourceDate "2007.11.25"]
[SourceVersion "1"]
[SourceVersionDate "2007.11.25"]
[SourceQuality "1"]

1. e4 c5 2. Nf3 Nc6 3. d4 cxd4 4. Nxd4 e5 5. Nb3 Nf6 6. Bd3 d5 7. exd5 Nxd5 8. 0-0 Be7 9. Be4 Be6 10. Nc3 Nxc3 11. Bxc6+ bxc6 12. bxc3 0-0 13. Be3 Bf5 14. Qe2 Qc7 15. Rfd1 Rfd8 16. Bc5 Bf6 17. c4 Be6 18. Nd2 Qa5 19. Ne4 Rxd1+ 20. Rxd1 Bd8 21. a3 Bf5 22. Bb4 Qa4 23. Qd3 Bb6 24. Nf6+ gxf6 25. Qxf5 c5 26. Qg4+ Kf8 27. Bd2 Rd8 28. Bh6+ Ke7 29. Rxd8 Bxd8 30. Qf3 Qd7 31. h3 Bc7 32. Qd3 Qxd3 33. cxd3 Kd6 34. Kf1 f5 35. Bd2 Ke6 36. Ke2 e4 37. f3 1/2-1/2

[Event "St Chely d'Aubrac op 6th"]
[Site "St Chely d'Aubrac"]
[Date "2006.07.22"]
[Round "9"]
[White "Rabier, Jean"]
[Black "Sidibe, Malika"]
[Result "0-1"]
[WhiteElo "1972"]
[BlackElo "1815"]
[PlyCount "116"]
[EventDate "2006.07.15"]
[EventType "swiss"]
[EventRounds "9"]
[EventCountry "FRA"]
[SourceTitle "CBM 113 Extra"]
[Source "ChessBase"]
[SourceDate "2006.09.14"]
[SourceVersion "1"]
[SourceVersionDate "2006.09.14"]
[SourceQuality "1"]

1. e4 c5 2. Nf3 Nc6 3. Bb5 g6 4. 0-0 Bg7 5. c3 Nf6 6. Re1 0-0 7. d4 cxd4 8. cxd4 d5 9. e5 Ne8 10. Bxc6 bxc6 11. Nc3 Nc7 12. Be3 Ne6 13. Rc1 Bd7 14. Qd2 Re8 15. Ne2 Qc7 16. Nf4 Qb7 17. h4 f6 18. Nxe6 Bxe6 19. b3 Bg4 20. Nh2 Bd7 21. Bh6 Qc8 22. Bxg7 Kxg7 23. Qe3 Be6 24. Rc3 Rb8 25. Qc1 Rb6 26. Re2 Qa6 27. Rce3 Qc8 28. Qe1 f5 29. f4 Qb7 30. Rc2 Rb4 31. Nf3 Rc8 32. Rec3 Qb6 33. Rc5 h6 34. Kh2 Rb5 35. Qc1 Bd7 36. Ne1 Qa6 37. Qd2 Rh8 38. Nd3 e6 39. Nb4 Qb7 40. Nxc6 Rxc5 41. Rxc5 Bxc6 42. Qc3 Rc8 43. b4 Bd7 44. Rxc8 Qxc8 45. Qxc8 Bxc8 46. Kg3 Bd7 47. Kf3 Bb5 48. g3 Kf7 49. Ke3 Ke7 50. Kd2 Kd7 51. Kc3 Kc6 52. Kb2 Ba4 53. Kc3 Kb5 54. a3 a6 55. Kd3 Bb3 56. Kc3 Ka4 57. Kb2 Bc4 58. Kc3 Kxa3 0-1

[Event "St Chely d'Aubrac op 6th"]
[Site "St Chely d'Aubrac"]
[Date "2006.07.17"]
[Round "4"]
[White "Sidibe, Malika"]
[Black "Laine, Patrice"]
[Result "0-1"]
[WhiteElo "1815"]
[BlackElo "2060"]
[PlyCount "82"]
[EventDate "2006.07.15"]
[EventType "swiss"]
[EventRounds "9"]
[EventCountry "FRA"]
[SourceTitle "CBM 113 Extra"]
[Source "ChessBase"]
[SourceDate "2006.09.14"]
[SourceVersion "1"]
[SourceVersionDate "2006.09.14"]
[SourceQuality "1"]

1. Nf3 d5 2. e3 Bg4 3. c4 c6 4. Qb3 Qc7 5. cxd5 Bxf3 6. gxf3 cxd5 7. Bb5+ Nd7 8. Nc3 e6 9. d4 Ngf6 10. e4 a6 11. Bd3 Qb6 12. Qxb6 Nxb6 13. Bf4 Rc8 14. a3 Be7 15. Rg1 g6 16. Rc1 0-0 17. Bg5 Rfe8 18. Ke2 Nfd7 19. Bxe7 Rxe7 20. e5 Nc4 21. Nd1 Ndb6 22. f4 Kf8 23. Rc2 Rec7 24. Ne3 Na5 25. Rgc1 Nb3 26. Rxc7 Nxc1+ 27. Rxc1 Rxc1 28. Kd2 Rh1 29. Nf1 Nc4+ 30. Kc3 Rg1 31. Bxc4 dxc4 32. Ne3 b5 33. d5 exd5 34. Nxd5 Rh1 35. Nc7 Rxh2 36. Nxa6 Rxf2 37. Nc7 Rf3+ 38. Kb4 Rb3+ 39. Kc5 Rxb2 40. Nxb5 Rxb5+ 41. Kxb5 c3 0-1

[Event "FRA-ch U18 Girls"]
[Site "Aix les Bains"]
[Date "2006.04.??"]
[Round "7"]
[White "Benmesbah, Natacha"]
[Black "Sidibe, Malika"]
[Result "1/2-1/2"]
[WhiteElo "2137"]
[BlackElo "1846"]
[PlyCount "85"]
[EventDate "2006.04.??"]
[EventType "swiss"]
[EventRounds "8"]
[EventCountry "FRA"]
[SourceTitle "EXT 2007"]
[Source "ChessBase"]
[SourceDate "2006.11.23"]
[SourceVersion "1"]
[SourceVersionDate "2006.11.23"]
[SourceQuality "1"]

1. e4 c5 2. Nf3 e6 3. d4 cxd4 4. Nxd4 Nc6 5. Nc3 d6 6. Be3 Nf6 7. Be2 e5 8. Nb3 Be7 9. 0-0 0-0 10. f4 exf4 11. Rxf4 Be6 12. Nd5 Rc8 13. c3 a6 14. Rf1 Nxe4 15. Nxe7+ Qxe7 16. Bd3 Bxb3 17. axb3 Nxc3 18. Qf3 Nd5 19. Bd2 Nf6 20. Qh3 Ne5 21. Rae1 Rfe8 22. Bg5 Qc7 23. Bf5 Rcd8 24. Bxf6 gxf6 25. Bxh7+ Kg7 26. Be4 Rh8 27. Qg3+ Ng6 28. Qf3 Qc5+ 29. Re3 Qe5 30. Bxg6 Qxh2+ 31. Kf2 Qh4+ 32. Ke2 Kxg6 33. Qf5+ Kg7 34. Rf4 Qh5+ 35. Rg4+ Kf8 36. Qe4 Qb5+ 37. Kd2 Re8 38. Qd4 Rxe3 39. Qxe3 Qe5 40. Qb6 Qxb2+ 41. Kd3 Qb1+ 42. Kd2 Qb2+ 43. Kd3 1/2-1/2

[Event "FRA-ch U18 Girls"]
[Site "Aix les Bains"]
[Date "2006.04.??"]
[Round "3"]
[White "Sidibe, Malika"]
[Black "Gras, Delphine"]
[Result "0-1"]
[WhiteElo "1846"]
[BlackElo "1939"]
[PlyCount "90"]
[EventDate "2006.04.??"]
[EventType "swiss"]
[EventRounds "8"]
[EventCountry "FRA"]
[SourceTitle "EXT 2007"]
[Source "ChessBase"]
[SourceDate "2006.11.23"]
[SourceVersion "1"]
[SourceVersionDate "2006.11.23"]
[SourceQuality "1"]

1. Nf3 d5 2. e3 c5 3. d4 cxd4 4. Qxd4 Nc6 5. Bb5 e6 6. 0-0 Bd7 7. Qf4 Nf6 8. c4 a6 9. Bxc6 Bxc6 10. Nc3 Bd6 11. Qd4 dxc4 12. Qxc4 Bxf3 13. gxf3 0-0 14. Kh1 Rc8 15. Qh4 Rc5 16. f4 Rh5 17. Qg3 e5 18. e4 Qc7 19. Rg1 g6 20. f5 Bb4 21. Bg5 Qc6 22. Bxf6 Bxc3 23. Qf3 Qxf6 24. Qxh5 Bxb2 25. Rab1 Bd4 26. Qf3 b5 27. Rg4 Qb6 28. Rg2 Rc8 29. Rbg1 Rc2 30. Qb3 Rc4 31. Rf1 a5 32. h4 a4 33. Qd3 Rc3 34. Qd2 Rh3+ 35. Rh2 Rxh2+ 36. Kxh2 Qc6 37. f3 Qc3 38. Qh6 Be3 39. f4 Qd2+ 40. Kg3 Bxf4+ 41. Rxf4 Qxf4+ 42. Qxf4 exf4+ 43. Kxf4 b4 44. Ke3 b3 45. axb3 a3 0-1

[Event "FRA-chT2D 0506"]
[Site "France"]
[Date "2006.01.15"]
[Round "6.9"]
[White "Sidibe, Malika"]
[Black "Romieu, Flore"]
[Result "1-0"]
[WhiteElo "1828"]
[BlackElo "1933"]
[PlyCount "83"]
[EventDate "2005.10.27"]
[EventType "team-tourn"]
[EventRounds "11"]
[EventCountry "FRA"]
[SourceTitle "EXT 2006"]
[Source "ChessBase"]
[SourceDate "2005.11.24"]
[SourceVersion "1"]
[SourceVersionDate "2005.11.24"]
[SourceQuality "1"]
[WhiteTeam "Mulhouse"]
[BlackTeam "Gueugnon"]
[WhiteTeamCountry "FRA"]
[BlackTeamCountry "FRA"]

1. Nf3 Nc6 2. c4 d5 3. e3 e5 4. cxd5 Qxd5 5. Nc3 Qd8 6. Bc4 Bf5 7. Qb3 Qd7 8. Bxf7+ Qxf7 9. Qxb7 Rd8 10. Qxc6+ Bd7 11. Qxc7 Rc8 12. Qxe5+ Be7 13. Ne4 Qg6 14. Nh4 Qg4 15. Nd6+ Kf8 16. Nxc8 Bxh4 17. Qc5+ Ne7 18. Nxe7 Bxe7 19. Qd5 Ke8 20. Qf3 Qg6 21. Qg3 Qf6 22. 0-0 h5 23. Rb1 h4 24. Qb8+ Bd8 25. b3 Bc6 26. Bb2 Qg6 27. Qe5+ Kf7 28. f3 Rh5 29. Qf4+ Rf5 30. Qc4+ Bd5 31. Qe2 h3 32. g3 Bb7 33. Rbc1 Ba6 34. d3 Rd5 35. Rfd1 Bxd3 36. Qf2 Rg5 37. Rc3 Bf6 38. Rcxd3 Bxb2 39. Qxb2 Rxg3+ 40. hxg3 Qxg3+ 41. Kh1 Qxf3+ 42. Kh2 1-0

[Event "St Chely d'Aubrac op 5th"]
[Site "St Chely d'Aubrac"]
[Date "2005.07.10"]
[Round "2"]
[White "Sidibe, Malika"]
[Black "Carabetta, Gaetan"]
[Result "1-0"]
[WhiteElo "1730"]
[BlackElo "1480"]
[PlyCount "89"]
[EventDate "2005.07.09"]
[EventType "swiss"]
[EventRounds "9"]
[EventCountry "FRA"]
[SourceTitle "CBM 107 Extra"]
[Source "ChessBase"]
[SourceDate "2005.09.01"]
[SourceVersion "1"]
[SourceVersionDate "2005.09.01"]
[SourceQuality "1"]

1. Nf3 c6 2. c4 d5 3. e3 Nf6 4. b3 Bg4 5. Be2 Nbd7 6. Bb2 Bxf3 7. Bxf3 e5 8. d3 Bb4+ 9. Bc3 Qa5 10. Bxb4 Qxb4+ 11. Qd2 Qxd2+ 12. Nxd2 0-0 13. Rc1 Rac8 14. 0-0 Rfe8 15. Be2 e4 16. cxd5 cxd5 17. dxe4 Rxc1 18. Rxc1 Nxe4 19. Nxe4 dxe4 20. Bb5 Rd8 21. Bxd7 h6 22. Rc8 Rxc8 23. Bxc8 b6 24. Bf5 g6 25. Bxe4 Kg7 26. Kf1 f5 27. Bc6 Kf6 28. Ke2 Ke6 29. Kd3 Kd6 30. Be8 g5 31. Kd4 a6 32. Bg6 Ke6 33. e4 f4 34. Bf5+ Kf6 35. Kd5 a5 36. Kd6 b5 37. Bd7 a4 38. e5+ Kf7 39. e6+ Kf6 40. e7 axb3 41. axb3 b4 42. e8Q Kg7 43. Be6 h5 44. Qf7+ Kh6 45. Bf5 1-0

[Event "St Chely d'Aubrac op 5th"]
[Site "St Chely d'Aubrac"]
[Date "2005.07.09"]
[Round "1"]
[White "Deschler, Fabrice"]
[Black "Sidibe, Malika"]
[Result "1-0"]
[WhiteElo "2167"]
[BlackElo "1730"]
[PlyCount "79"]
[EventDate "2005.07.09"]
[EventType "swiss"]
[EventRounds "9"]
[EventCountry "FRA"]
[SourceTitle "CBM 107 Extra"]
[Source "ChessBase"]
[SourceDate "2005.09.01"]
[SourceVersion "1"]
[SourceVersionDate "2005.09.01"]
[SourceQuality "1"]

1. d4 d5 2. c4 e6 3. Nc3 Nf6 4. cxd5 exd5 5. Bg5 Be7 6. e3 Nbd7 7. Bd3 0-0 8. Qc2 c6 9. Nf3 Re8 10. 0-0 Nf8 11. Rab1 N6d7 12. Bf4 Ng6 13. Nxd5 Nxf4 14. Nxf4 h6 15. Bc4 Bd6 16. Bxf7+ Kxf7 17. Qg6+ Kg8 18. Qxd6 Qa5 19. a3 Nf6 20. Ne5 Bf5 21. Rbc1 Rad8 22. Qc5 Qxc5 23. Rxc5 Ne4 24. Ra5 Nd6 25. Rxa7 g5 26. Nh5 Re6 27. g4 Bc2 28. Rc1 Bb3 29. f3 Kf8 30. Ng3 Rf6 31. Ne4 Nxe4 32. fxe4 Ke8 33. Rxb7 Ba4 34. b3 Bb5 35. a4 Be2 36. Re1 Ba6 37. Ra7 Bc8 38. b4 Rdd6 39. Rf1 Rxf1+ 40. Kxf1 1-0

[Event "St Chely d'Aubrac op 4th"]
[Site "St Chely d'Aubrac"]
[Date "2004.07.19"]
[Round "3"]
[White "Sidibe, Malika"]
[Black "Bou, Georges"]
[Result "1-0"]
[WhiteElo "1820"]
[BlackElo "1570"]
[PlyCount "59"]
[EventDate "2004.07.17"]
[EventType "swiss"]
[EventRounds "9"]
[EventCountry "FRA"]
[SourceTitle "CBM 101 Extra"]
[Source "ChessBase"]
[SourceDate "2004.09.01"]
[SourceVersion "2"]
[SourceVersionDate "2004.09.01"]
[SourceQuality "1"]

1. e4 e5 2. Nf3 Nc6 3. d4 exd4 4. Nxd4 Bc5 5. Be3 Qf6 6. c3 Nge7 7. Bc4 Ne5 8. Bb3 Qg6 9. 0-0 a6 10. Nd2 Ba7 11. N4f3 Nxf3+ 12. Qxf3 d6 13. Bxa7 Rxa7 14. Rfe1 Nc6 15. Nc4 b5 16. e5 bxc4 17. Qxc6+ Kd8 18. Qxc4 Be6 19. Qh4+ Kc8 20. exd6 cxd6 21. Bxe6+ fxe6 22. Qc4+ Kd7 23. Rad1 Rc8 24. Qd4 Rcc7 25. Qxd6+ Kc8 26. Rxe6 Qc2 27. Re8+ Kb7 28. Qd5+ Rc6 29. Re7+ Kb6 30. Qd4+ 1-0

[Event "FRA-ch U14 Girls"]
[Site "Le Grand Bornand"]
[Date "2003.??.??"]
[Round "6.10"]
[White "Sidibe, Malika"]
[Black "Riquebon, Nathalie"]
[Result "0-1"]
[WhiteElo "1630"]
[BlackElo "1770"]
[PlyCount "126"]
[EventDate "2003.??.??"]
[EventType "swiss"]
[EventRounds "9"]
[EventCountry "FRA"]
[SourceTitle "EXT 2004"]
[Source "ChessBase"]
[SourceDate "2003.11.25"]
[SourceVersion "1"]
[SourceVersionDate "2003.11.25"]
[SourceQuality "1"]

1. e4 d5 2. exd5 Nf6 3. d4 Nxd5 4. c4 Nb6 5. Nf3 Bg4 6. Be3 Nc6 7. h3 Bxf3 8. gxf3 g6 9. c5 Nd5 10. Qb3 Bg7 11. Bc4 e6 12. Nc3 Nxc3 13. bxc3 Rb8 14. Qa4 0-0 15. Qc2 Qf6 16. Qe4 Rfd8 17. h4 Qf5 18. Bf4 Qxe4+ 19. fxe4 e5 20. Bg3 Rbc8 21. d5 Ne7 22. f3 Rf8 23. Bf2 Kh8 24. Be3 f5 25. Bg5 Ng8 26. h5 gxh5 27. Rxh5 fxe4 28. fxe4 Nf6 29. Rh4 Nd7 30. d6 Nxc5 31. Be7 Rf3 32. d7 Nxd7 33. Be6 Re8 34. Bxd7 Rxe7 35. Bf5 Rxc3 36. Rd1 Kg8 37. Bxh7+ Kf7 38. Rh5 Rc4 39. Rf5+ Bf6 40. Rf2 Ra4 41. Rb1 c5 42. Rg2 b6 43. Bg6+ Kf8 44. Rf2 Re6 45. Bf5 Rd6 46. Rh2 Bg7 47. Ra1 Rh6 48. Rf2 Rh1+ 49. Rf1 Rxf1+ 50. Kxf1 c4 51. Ke1 c3 52. Rc1 Bh6 53. Rc2 a5 54. Kf1 Bd2 55. Ke2 Rb4 56. Kd3 Rd4+ 57. Ke2 b5 58. Bh7 b4 59. Bf5 a4 60. Be6 Rxe4+ 61. Kd3 Rd4+ 62. Ke2 Rd6 63. Bc4 Rb6 0-1